| 000 | 00500nam a2200181 a 4500 | ||
|---|---|---|---|
| 001 | 4622 | ||
| 003 | CO-ViMGA | ||
| 008 | 141112s2004 ck r 000 u spa d | ||
| 040 |
_aCO-ViMGA _bspa _cCO-ViMGA |
||
| 082 | 0 | 4 | _a370.1 L826 |
| 100 | 1 |
_aLudojoski, Roque Luis _955565 |
|
| 245 | 1 | 0 | _aHacia la escuela de educación permanente |
| 260 |
_aBuenos Aires : _bMagisterio del Río de la Plata, _c1996 |
||
| 300 | _a25 p | ||
| 490 | _aMagisterio, 1 | ||
| 650 | 1 | 4 | _aeducación - TEORIA |
| 942 |
_2ddc _cBK |
||
| 999 |
_c16632 _d16632 |
||